Berubah kepada kehidupan baru

Bibliographic Details
Main Author: Al-Ghazali Muhammad,Dr
Format: Book
Published: Selangor : Crescent News (KL) Sdn Bhd , 2004
Subjects:

MARC

LEADER 00000cam a2200000 7i4500
001 0000014132
005 20090219.0
008 080221
020 |a 9830612775 
090 0 0 |a 158.1   |b GHA 
100 0 |a Al-Ghazali Muhammad,Dr. 
245 1 0 |a Berubah kepada kehidupan baru   |c Dr.Muhammad Al-Ghazali 
260 |a Selangor :   |b Crescent News (KL) Sdn Bhd ,   |c 2004 
500 |a Mengandungi ayat-ayat dari Quran 
650 0 |a Motivation (Psychology) 
650 0 |a Psychological   |x Applied 
999 |a 0001006287   |b Book   |c Adult Collection   |e Perbadanan Perpustakaan Awam Johor 
999 |a 0001006289   |b Book   |c Adult Collection   |e Perbadanan Perpustakaan Awam Johor 
999 |a 0001021066   |b Book   |c Adult Collection   |e Cawangan Batu Pahat